| 000 | 01402nam a22003251a 4500 | ||
|---|---|---|---|
| 001 | ebr10005073 | ||
| 003 | CaPaEBR | ||
| 006 | m u | ||
| 007 | cr cn||||||||| | ||
| 008 | 020116s2002 txuaf sb s001 0beng | ||
| 010 | _z 2002000645 | ||
| 020 | _z1574411462 (hardcover : alk. paper) | ||
| 040 |
_aCaPaEBR _cCaPaEBR |
||
| 035 | _a(OCoLC)70733441 | ||
| 050 | 1 | 4 |
_aF273.P58 _bL49 2002eb |
| 082 | 0 | 4 |
_a975.7/03/092 _aB _221 |
| 100 | 1 |
_aLewis, Elizabeth Wittenmyer, _d1919- |
|
| 245 | 1 | 0 |
_aQueen of the Confederacy _h[electronic resource] : _bthe innocent deceits of Lucy Holcombe Pickens / _cby Elizabeth Wittenmyer Lewis. |
| 250 | _a1st ed. | ||
| 260 |
_aDenton, Tex. : _bUniversity of North Texas Press, _cc2002. |
||
| 300 |
_axvi, 253 p., [16] p. of plates : _bill. |
||
| 504 | _aIncludes bibliographical references (p. 235-242) and index. | ||
| 533 |
_aElectronic reproduction. _bPalo Alto, Calif. : _cebrary, _d2013. _nAvailable via World Wide Web. _nAccess may be limited to ebrary affiliated libraries. |
||
| 600 | 1 | 0 | _aPickens, Lucy Petaway Holcombe. |
| 650 | 0 |
_aGovernors' spouses _zSouth Carolina _vBiography. |
|
| 650 | 0 |
_aWomen _zConfederate States of America _vBiography. |
|
| 655 | 7 |
_aElectronic books. _2local |
|
| 710 | 2 | _aebrary, Inc. | |
| 856 | 4 | 0 |
_uhttp://site.ebrary.com/lib/rucke/Doc?id=10005073 _zAn electronic book accessible through the World Wide Web; click to view |
| 999 |
_c3294 _d3294 |
||